| 000 | 00551nam a2200205 a 4500 | ||
|---|---|---|---|
| 005 | 20140310183306.0 | ||
| 008 | 050819s19uu xx 00 eng d | ||
| 020 | _a9812470484 | ||
| 050 |
_aQA 76 _b.C358 2003 |
||
| 100 | _aCapron, H.L. | ||
| 245 |
_aComputers : _btools for an information age / _cH.L. Capron |
||
| 250 | _a7th ed. | ||
| 260 |
_aSingapore : _bPearson Education Asia, _c2003. |
||
| 300 |
_a621 p. : _bill. ; _c27 cm. |
||
| 521 | _aIT | ||
| 650 | _aComputer. | ||
| 700 | _aJohnson, J.A. | ||
| 942 |
_cBK _2lcc _kFOR |
||
| 999 |
_c21077 _d21077 |
||